header

The world and US social forums (Record no. 111097)

MARC details
000 -LEADER
fixed length control field 01763nam a2200421 a 4500
082 04 - DEWEY DECIMAL CLASSIFICATION NUMBER
Classification number 306.209172/4
245 04 - TITLE STATEMENT
Title The world and US social forums
260 ## - PUBLICATION, DISTRIBUTION, ETC. (IMPRINT)
Place of publication Leiden ;
-- Boston :
Name of publisher Brill,
Year of publication 2008.
300 ## - PHYSICAL DESCRIPTION
Number of Pages viii, 248 p.
500 ## - GENERAL NOTE
General note "Originally published, in part, as Volume 3, No. 1 (2008) of Brill's journal Societies without borders"--P. [4] of cover.
650 #0 - SUBJECT ADDED ENTRY--TOPICAL TERM
Topical Term Social movements
Topical Term Anti-globalization movement
Topical Term International economic relations.
Topical Term Democracy.
Topical Term Globalization
700 1# - ADDED ENTRY--PERSONAL NAME
Personal name Blau, Judith R.,
Personal name Karides, Marina.
856 40 - ELECTRONIC LOCATION AND ACCESS
Uniform Resource Identifier http://site.ebrary.com/lib/rucke/Doc?id=10363844

No items available.

© 2026 Rongo University
Contact us: librarian | system librarian | Rongo university